000 00429nam a2200181Ia 4500
008 230524s9999 xx 000 0 und d
020 _a8125911626
082 _a174.4
_bSAH
100 _aP.K.sahu
245 0 _aSalesmanship and Sales Management
250 _a3RD
260 _aNEW DELHI
_bVikas
_c2008
300 _aVIII;305
500 _aQuantity Number: 4
650 _aManagement
700 _a K.C.Raut
942 _cBK
999 _c45155
_d45155